The legal environment of business / (Record no. 1027)
[ view plain ]
| 000 -LEADER | |
|---|---|
| fixed length control field | 01121cam a2200277 a 4500 |
| 001 - CONTROL NUMBER | |
| control field | 15095245 |
| 005 - DATE AND TIME OF LATEST TRANSACTION | |
| control field | 20241111172845.0 |
| 008 - FIXED-LENGTH DATA ELEMENTS--GENERAL INFORMATION | |
| fixed length control field | 071128s2009 ohua 001 0 eng |
| 020 ## - INTERNATIONAL STANDARD BOOK NUMBER | |
| International Standard Book Number | 9780324654363 |
| 020 ## - INTERNATIONAL STANDARD BOOK NUMBER | |
| International Standard Book Number | 0324654367 |
| 050 00 - LIBRARY OF CONGRESS CALL NUMBER | |
| Classification number | KF1600 |
| Item number | .M43 2009 |
| 100 1# - MAIN ENTRY--PERSONAL NAME | |
| Personal name | Meiners, Roger E. |
| 245 14 - TITLE STATEMENT | |
| Title | The legal environment of business / |
| Statement of responsibility, etc. | Roger E. Meiners, Al H. Ringleb, Frances L. Edwards. |
| 250 ## - EDITION STATEMENT | |
| Edition statement | 10th ed. |
| 260 ## - PUBLICATION, DISTRIBUTION, ETC. | |
| Place of publication, distribution, etc. | Mason, OH : |
| Name of publisher, distributor, etc. | South-Western Cengage Learning, |
| Date of publication, distribution, etc. | c2009. |
| 300 ## - PHYSICAL DESCRIPTION | |
| Extent | xxi, 676 p. : |
| Other physical details | col. ill., forms, col. map ; |
| Dimensions | 27 cm. |
| 500 ## - GENERAL NOTE | |
| General note | Includes index. |
| 650 #0 - SUBJECT ADDED ENTRY--TOPICAL TERM | |
| Topical term or geographic name entry element | Industrial laws and legislation |
| Geographic subdivision | United States. |
| 650 #0 - SUBJECT ADDED ENTRY--TOPICAL TERM | |
| Topical term or geographic name entry element | Commercial law |
| Geographic subdivision | United States. |
| 700 1# - ADDED ENTRY--PERSONAL NAME | |
| Personal name | Ringleb, Al H. |
| 700 1# - ADDED ENTRY--PERSONAL NAME | |
| Personal name | Edwards, Frances L. |
| 856 42 - ELECTRONIC LOCATION AND ACCESS | |
| Materials specified | Publisher description |
| Uniform Resource Identifier | <a href="http://www.loc.gov/catdir/enhancements/fy1215/2007942187-d.html">http://www.loc.gov/catdir/enhancements/fy1215/2007942187-d.html</a> |
| 856 41 - ELECTRONIC LOCATION AND ACCESS | |
| Materials specified | Table of contents only |
| Uniform Resource Identifier | <a href="http://www.loc.gov/catdir/enhancements/fy1215/2007942187-t.html">http://www.loc.gov/catdir/enhancements/fy1215/2007942187-t.html</a> |
| 856 42 - ELECTRONIC LOCATION AND ACCESS | |
| Materials specified | Contributor biographical information |
| Uniform Resource Identifier | <a href="http://www.loc.gov/catdir/enhancements/fy1302/2007942187-b.html">http://www.loc.gov/catdir/enhancements/fy1302/2007942187-b.html</a> |
| 942 ## - ADDED ENTRY ELEMENTS (KOHA) | |
| Source of classification or shelving scheme | Library of Congress Classification |
| Koha item type | Books |
| Edition | 10th Ed. |
| Suppress in OPAC | No |
| 999 ## - | |
| -- | 1027 |
| -- | 1027 |
| Withdrawn status | Lost status | Source of classification or shelving scheme | Damaged status | Not for loan | Collection | Home library | Current library | Shelving location | Date acquired | Total checkouts | Full call number | Barcode | Date last seen | Copy number | Price effective from | Koha item type |
|---|---|---|---|---|---|---|---|---|---|---|---|---|---|---|---|---|
| Library of Congress Classification | Non-fiction | Law Library (Miotso) | Law Library (Miotso) | General stacks | 11/11/2024 | KF1600.M43 MEI | llm00000826 | 11/11/2024 | 1 | 11/11/2024 | Books | |||||
| Library of Congress Classification | Non-fiction | Law Library (Miotso) | Law Library (Miotso) | General stacks | 11/11/2024 | KF1600.M43 MEI | llm00000827 | 11/11/2024 | 2 | 11/11/2024 | Books | |||||
| Library of Congress Classification | Non-fiction | Law Library (Miotso) | Law Library (Miotso) | General stacks | 11/11/2024 | KF1600.M43 MEI | llm00000828 | 11/11/2024 | 3 | 11/11/2024 | Books |